Estadísticas para Jugadores con más partidos en el Sporting de Gijón

Haz click aquí para intentar la prueba.

Estadísticas generales

  • Esta prueba ha sido intentada 8 veces
  • La puntuación promedio es 3 de 10

Estadísticas de respuestas

PartidosNacionaliadJugador% Correcto
372EspañaQuini
100%
329EspañaJesús Castro
38%
535EspañaJoaquín
38%
391EspañaJuan Carlos Ablanedo
38%
302EspañaRoberto Canella
25%
293EspañaCarlos Carmona
13%
286EspañaCiriaco Cano
0%
344EspañaCundi
0%
469EspañaManolo Jiménez
0%
346EspañaManolo Mesa
0%

Distribución de puntuación

Porcentaje por número respondido

Porcentaje de gente con cada puntuación

Historial de tus puntuaciones

No has intentado esta prueba.